000
00315nam a2200133Ia 4500
005
20251222155141.0
008
251222s9999||||xx |||||||||||||| ||spa||
082
_a
PED.38
100
_a
GARCIA, Oscar.
245
0
_a
Medicina Embarazo y Nacimiento
250
_a
1ra. ed.
264
_b
Fapa ediciones
942
_c
LIB
999
_c
39192
_d
39192